Statistics for Guess The Fandoms

Click here to take the quiz!

General Stats

  • This quiz has been taken 7 times
  • The average score is 11 of 15

Answer Stats

HintAnswer% Correct
BtsArmy
100%
New JeansBunnies
86%
SeventeenCarats
86%
ExoExo-L
86%
Tomorrow x TogetherMoa
86%
TwiceOnce
86%
Stray kidsStay
86%
AteezAtiny
71%
ItzyMidzy
71%
AsepaMY
71%
NctNCTizens
71%
EnhypenEngene
57%
NmixxNswer
57%
P1harmonyP1ece
57%
TreasureTeume
14%

Score Distribution

Percentile by Number Answered

Percent of People with Each Score

Your Score History

You have not taken this quiz